Kamus dewan

Bibliographic Details
Corporate Author: Dewan Bahasa dan Pustaka
Format: Book
Published: Kuala Lumpur : DBP , 1998 [2000]
Edition:3rd ed.
Subjects:

MARC

LEADER 00000cam a2200000 7i4500
001 0000000035
005 20131222.0
020 0 0 |a 9836244565 
090 0 0 |a 499.233   |b KAM 2000 
245 0 0 |a Kamus dewan   |c disusun oleh Teuku Iskandar 
250 0 0 |a 3rd ed. 
260 0 0 |a Kuala Lumpur :   |b DBP ,   |c 1998 [2000] 
300 |a xliii, 1566 p. ;   |c 22 cm. 
650 0 0 |a Malay language   |x Dictionaries 
710 1 1 |a Dewan Bahasa dan Pustaka 
999 |a 0000001224   |b Monograph   |c Reference   |e Default branch 
999 |a 0000001225   |b Monograph   |c Reference   |e Default branch 
999 |a 0000002353   |b Monograph   |c Reference   |e Default branch